Horizontes Cooperativos /
Gespeichert in:
| Körperschaft: | |
|---|---|
| Format: | Buch |
| Sprache: | Spanish |
| Veröffentlicht: |
San José, Costa Rica:
CENECOOP R.L
|
| Schlagworte: | |
| Tags: |
Tag hinzufügen
Keine Tags, Fügen Sie den ersten Tag hinzu!
|
MARC
| LEADER | 00000nam a22000007a 4500 | ||
|---|---|---|---|
| 003 | cru CIDCACS/IIS | ||
| 005 | 20201106133704.0 | ||
| 008 | 201106n cr |||p|r||||||0| ||spa|d | ||
| 999 | |c 43489 |d 43489 | ||
| 040 | |c CRAI/IIS | ||
| 090 | |a REV0073 | ||
| 110 | 2 | |9 9712 |a Centro de Estudios y Capacitación Cooperativa | |
| 245 | 1 | |a Horizontes Cooperativos / |c Centro de Estudios y Capacitación Cooperativa | |
| 260 | |a San José, Costa Rica: |b CENECOOP R.L | ||
| 500 | |a EXISTENCIAS : 1992 (1-3) 1994 (6) 1996 (7) | ||
| 650 | 0 | |9 944 |a EDUCACION | |
| 650 | 0 | |9 1732 |a CIENCIA Y TECNOLOGIA | |
| 650 | 0 | |9 71 |a DESARROLLO ECONOMICO Y SOCIAL | |
| 650 | 0 | |9 311 |a UNIVERSIDADES | |
| 650 | 0 | |9 193 |a COOPERATIVAS | |
| 650 | 0 | |9 83 |a DEMOCRACIA | |
| 651 | 0 | |9 32 |a COSTA RICA | |
| 942 | |2 ddc |c PP | ||
